Rendering, visualization and rasterization hardware

Saved in:
Bibliographic Details
Corporate Authors: Eurographics Workshop on Graphics Hardware, EUROGRAPHICS
Other Authors: Kaufman, Arie (Editor)
Format: Conference Proceeding Book
Language:English
Published: Berlin : Springer, c1993.
Series:Focus on computer graphics
Subjects:
Tags: Add Tag
No Tags, Be the first to tag this record!

MARC

LEADER 00000cam a2200000 i 4500
001 1/15893
008 010122s1993 gw | ||| |||| ||eng||
020 |a 3540567879   |q (Berlin) 
035 |l 10065580 
040 |a GR-MyUa  |b gre  |e AACR2 
041 0 |a eng 
082 7 |a 621.399   |2 (22) 
245 0 0 |a Rendering, visualization and rasterization hardware /   |c A. Kaufman (Ed.). 
260 |a Berlin :   |b Springer,   |c c1993. 
300 |a 193 σ. ;   |c 24 εκ. 
490 1 |a (Focus on computer graphics) 
500 |a "The material in this book represents a comprehensive record of the contributions to the Sixth Eurographics Workshop on Graphics Hardware held on 1-2 September 1991 in Vienna, Austria, in conjunction with the Eurographics '91 Conference". 
504 |a Περιλαμβάνει βιβλιογραφικές παραπομπές. 
650 0 0 |a Computer graphics  |x Congresses. 
650 0 0 |a Computer input-output equipment  |x Congresses. 
700 1 |a Kaufman, Arie,  |e edt 
711 2 |a Eurographics Workshop on Graphics Hardware   |n (6th :   |d 1991 :   |c Vienna, Austria) 
711 2 |a EUROGRAPHICS   |d (1991 :   |c Vienna, Austria) 
830 0 |a Focus on computer graphics 
852 |a INST  |b SYROS  |e 20010122  |h 621.399 REN  |p 005500001696  |q 005500001696  |t BK  |y 0 
901 |a BIBL5-2001-1 
922 |a 5ΕΛΗ  |b 200012  |c ΓΡΑΦΙΚΩΝ ΤΕΧΝΩΝ  |d ΜΙΧΑΛΟΠΟΥΛΟΣ 
950 |a 183-2000-12-08 
970 |a ΚΟΝΤΟΥ  |b ΠΑΡΑΣΚΕΥΗ  |z 2001/02/08